[Event "15th Open"]
[Site "Ljubjana SLO"]
[Date "2004.07.15"]
[Round "8"]
[White "Biti,O"]
[Black "Krumpak,H"]
[Result "1-0"]
[WhiteElo "2352"]
[BlackElo "2118"]

1.e4 d5 2.exd5 Qxd5 3.Nc3 Qd6 4.d4 Nf6 5.Bd3 a6 6.Nge2 Bg4 7.f3 Bh5 8.Bf4 Qd8
9.Qd2 Nc6 10.O-O-O Qd7 11.g4 Bg6 12.d5 Na7 13.h4 Bxd3 14.Qxd3 O-O-O 15.Qd4 Nb5
16.Nxb5 Qxb5 17.Nc3 Qb6 18.Qxb6 cxb6 19.Na4 e5 20.dxe6 Bc5 21.exf7 Rxd1+
22.Rxd1 Rf8 23.Nxc5 bxc5 24.Bd6 Rxf7 25.Bxc5 Nd7 26.Bd4 Rxf3 27.Bxg7 Rf7
28.Bc3 Rf4 29.Rg1 Nc5 30.h5 Ne4 31.g5 Nxc3 32.bxc3 Kd8 33.g6 hxg6 34.hxg6 Rf8
35.Kb2 Rg8 36.g7 Ke8 37.Kb3 Kf7 38.Kb4 b6 39.c4 Rc8 40.g8=Q+ Rxg8 41.Rxg8 Kxg8
42.c5  1-0

[Event "Aegean Open"]
[Site "Agios Kirykos GRE"]
[Date "2004.07.18"]
[Round "7"]
[White "Stiri,A"]
[Black "Dochev,D"]
[Result "1/2-1/2"]
[WhiteElo "2186"]
[BlackElo "2353"]

1.e4 d5 2.exd5 Qxd5 3.Nc3 Qd6 4.d4 Nf6 5.Bc4 a6 6.Bb3 Nc6 7.Nge2 e5 8.dxe5 Qxd1+
9.Nxd1 Nxe5 10.Bf4 Bd6 11.O-O O-O 12.Ne3 Nh5 13.Bxe5 Bxe5 14.c3 c6 15.Rad1 Bc7
16.Nd4 g6 17.Rfe1 Nf6 18.h3 Re8 19.Nc4 Bd7 20.Nf3 Rxe1+ 21.Rxe1 Re8 22.Nce5 Be6
23.Bxe6 Rxe6 24.Nc4 Rxe1+ 25.Nxe1 Nd7 26.Nd3 f5 27.g3 Kf7 28.Kg2 Ke6 29.Nd2 Bd6
30.Nf3 Kf6 31.Nd2 Ne5 32.Nxe5 Kxe5 33.Nc4+ Kd5 34.Nxd6 Kxd6 35.Kf3  1/2-1/2

[Event "2nd Asean GM"]
[Site "Bangkok THA"]
[Date "2004.07.23"]
[Round "3"]
[White "Yu Shaoteng"]
[Black "Nay Oo Kyaw Tun"]
[Result "1/2-1/2"]
[WhiteElo "2476"]
[BlackElo "2504"]

1.e4 d5 2.exd5 Qxd5 3.Nc3 Qd6 4.d4 Nf6 5.Nf3 a6 6.g3 Bg4 7.Bg2 Nc6 8.O-O O-O-O
9.Be3 e5 10.dxe5 Nxe5 11.Qe2 Qe6 12.Bg5 Nxf3+ 13.Bxf3 Qxe2 14.Bxe2 Bf5 15.Rac1 Be7
16.Rfe1 Rhe8 17.Bc4 Bg6 18.Rcd1 Rxd1 19.Nxd1 Bc5 20.Rxe8+ Nxe8 21.Be3 Nd6
22.Bd5 Bxc2 23.Bxc5 Bxd1 24.Bxd6 cxd6 25.Bxf7 Bf3 26.Kf1 Kc7 27.Ke1 Kc6 28.Kd2 Kc5
29.Kc3 a5 30.a3 a4 31.Be8 b5 32.Bd7 d5 33.Bf5 d4+ 34.Kd3 h6 35.Bd7 g5 36.Be8 Bd5
37.Bd7 Bc4+ 38.Kd2 Kd6 39.Be8 Ke5 40.Bc6 Kf5 41.Bd7+ Ke4 42.Bc6+ Kf5 43.Bd7+ Ke4
44.Bc6+ Kf5  1/2-1/2

[Event "7th Open"]
[Site "Korinthos GRE"]
[Date "2004.07.23"]
[Round "2"]
[White "Iliopoulos,A"]
[Black "Nikolaidis,I"]
[Result "0-1"]
[WhiteElo "2084"]
[BlackElo "2516"]

1.e4 d5 2.exd5 Qxd5 3.Nc3 Qd6 4.d4 Nf6 5.Bc4 c6 6.Nge2 Bf5 7.O-O e6 8.Ng3 Bg6
9.f4 Bxc2 10.Qd2 Bf5 11.Nxf5 exf5 12.Re1+ Be7 13.Kh1 O-O 14.d5 b5 15.Bb3 b4
16.Nd1 Ne4 17.Qc2 g6 18.Ne3 Qc5 19.a3 bxa3 20.bxa3 Rd8 21.g4 Qxc2 22.Bxc2 Bh4
23.Re2 Nf2+ 24.Kg2 Nxg4 25.Nxg4 fxg4 26.dxc6 Nxc6 27.Be4 Nd4 28.Rb2 Rac8
29.Be3 Bf6  0-1

[Event "ch-AUT"]
[Site "Hartberg AUT"]
[Date "2004.07.24"]
[Round "1"]
[White "Baumegger,S"]
[Black "Bachofner,A"]
[Result "1-0"]
[WhiteElo "2433"]
[BlackElo "2230"]

1.e4 d5 2.exd5 Qxd5 3.Nc3 Qd6 4.d4 Nf6 5.Nf3 a6 6.g3 b5 7.Bg2 Bb7 8.O-O e6
9.Bf4 Qd8 10.a4 b4 11.Na2 Nbd7 12.c3 bxc3 13.Nxc3 Bd6 14.Ne5 Bxg2 15.Kxg2 Nb6
16.a5 Nbd5 17.Qa4+ Kf8 18.Bg5 Qe8 19.Bxf6 Nxf6 20.Qc4 g6 21.Nc6 Kg7 22.b4 h5
23.h4 Qd7 24.b5 axb5 25.Qxb5 Rhe8 26.Rfe1 Ng8 27.a6 Ne7 28.Nxe7 Qxe7 29.Ne4 Reb8
30.Qc6 Qe8 31.Qxe8 Rxe8 32.a7 f5 33.Ng5 e5 34.dxe5 Rxe5 35.Rxe5 Bxe5 36.Ra5 Bd6
37.Kf3 Kf6 38.Nh3 Ke6 39.Nf4+ Bxf4 40.Kxf4 Kd6 41.Kg5 c5 42.Kxg6 Kd5 43.Kxh5 Kd4
44.Kg6 c4 45.h5 c3 46.h6 c2 47.Ra1  1-0

[Event "ch-AUT"]
[Site "Hartberg AUT"]
[Date "2004.07.24"]
[Round "1"]
[White "Wolfram,D"]
[Black "Arwanitakis,M"]
[Result "0-1"]
[WhiteElo "2102"]
[BlackElo "2242"]

1.e4 d5 2.exd5 Qxd5 3.Nc3 Qd6 4.d4 Nf6 5.Bc4 c6 6.Nge2 Bf5 7.Bf4 Qb4 8.Bb3 e6
9.O-O Nbd7 10.a3 Qa5 11.Ng3 Bg6 12.Qf3 Be7 13.Rfe1 Nb6 14.Nce4 Nxe4 15.Nxe4 Rd8
16.Ng3 O-O 17.Qc3 Qxc3 18.bxc3 Nd5 19.Bd2 c5 20.c4 Nb6 21.dxc5 Rxd2 22.cxb6 Bc5
23.Re2 Rxe2 24.Nxe2 Bxb6 25.Rd1 Rd8 26.Rxd8+ Bxd8 27.Nf4 Be4 28.f3 Bc6 29.Nd3 Be7
30.c5 g5 31.Kf2 Bd7 32.a4 a5 33.Ke2 Bf6 34.Nf2 Kg7 35.Kd3 Be5 36.Ng4 Bc7
37.h3 f5 38.Ne3 Kf6 39.Nc4 h5 40.Ke3 h4 41.Na3 Bc6 42.Nb5 Bf4+ 43.Kf2 Bg3+
44.Ke3 g4 45.Nd4 gxh3 46.gxh3 f4+ 47.Ke2 Bd7 48.Nb5 e5 49.Bd5 Bxh3 50.Bxb7 Be6
51.Kf1 h3 52.Nc3 Bc4+ 53.Kg1 Ke7 54.Bc8 h2+ 55.Kg2 Be1 56.Ne4 Be2 57.Bg4 Kd8
58.Kxh2 Bd1 59.Nd6 Bxc2 60.Nf7+ Kc7 61.Nxe5 Bxa4 62.Nd3 Bd2 63.Nb2 Bb3 64.Bh5 a4
65.Nxa4 Bxa4 66.Kg2 Bd7 67.Bg6 Kc6 68.Be4+ Kxc5 69.Kf2 Bh3 70.Ke2 Be3 71.Bb7 Kd4
72.Be4 Be6 73.Bg6 Bc4+ 74.Ke1 Kc3 75.Be4 Bc5 76.Bf5 Kd4  0-1

[Event "ACT Open"]
[Site "Amsterdam NED"]
[Date "2004.07.25"]
[Round "9"]
[White "Burg,T"]
[Black "Blanchard,Ja"]
[Result "1/2-1/2"]
[WhiteElo "2062"]
[BlackElo "2236"]

1.e4 d5 2.exd5 Qxd5 3.Nc3 Qd6 4.d4 Nf6 5.Be2 c6 6.Be3 Bf5 7.Bd3 Bxd3 8.Qxd3 Nbd7
9.Nf3 e6 10.a3 a5 11.Rd1 Be7 12.Bg5 Qc7 13.O-O O-O 14.Rfe1 Rad8 15.Qc4 Rfe8
16.Bh4 Qb6 17.h3 h6 18.Rb1 Qa7 19.Bg3 Bf8 20.Qe2 a4 21.Rbd1 Qa5 22.Ne4 Nxe4
23.Qxe4 Qb5 24.Rb1 Be7 25.Qe2 Qxe2 26.Rxe2 Bf6 27.c3 Ra8 28.Rbe1 Ra5 29.Nd2 Rb5
30.Nc4 Be7 31.Bd6 Nb6 32.Nxb6 Rxb6 33.Bxe7 Rxe7 34.Rd2 Re8 35.Re5 Ra6 36.d5 Ra5
37.c4 Rc8 38.f4 cxd5 39.cxd5 Rc1+ 40.Kh2 exd5 41.Rdxd5 Ra6 42.Re8+ Kh7 43.f5 g6
44.Re7 Kg7 45.Rxb7 Rc2 46.Rb4 gxf5 47.Rxf5 Rg6 48.Rg4 Rxg4 49.hxg4 Rxb2 50.Ra5 Kg6
51.Rxa4 Kg5 52.Ra7 Kxg4 53.Rxf7 Ra2 54.Rg7+ Kf4 55.Rg3 Ra1 56.Rf3+ Kg4 57.Rb3 Kf4
58.Rc3 Kg4 59.Rc4+ Kf5 60.a4 Ra3 61.g3 Ra1 62.Kg2 Ra2+ 63.Kh3 Ra1 64.Rc5+ Kg6
65.a5 Rh1+ 66.Kg4 h5+ 67.Kf3 Rf1+ 68.Kg2 Ra1 69.Rb5 Ra2+ 70.Kh3 Ra1 71.Rb6+ Kg5
72.Ra6 Rh1+ 73.Kg2 Ra1 74.Ra8 Ra2+ 75.Kh3 Ra3 76.a6 Kh6 77.Kg2 Kh7 78.Kf2 Kg7
79.Kg2 Ra1 80.Kf3 Ra4 81.Ke3 Kh7 82.a7 Kg7 83.Kd3 Ra3+ 84.Kc4 Ra1 85.Kc5 Kh7
86.Kb6 Rb1+ 87.Kc6 Rc1+ 88.Kd6 Rd1+ 89.Ke6 Ra1 90.Kf6 Ra5 91.Ke6 Kg7 92.Kd7 Ra4
93.Kd6 Ra5 94.Kc6 Ra1 95.Kd5 Ra5+ 96.Ke4 Kh7 97.Kf4 Kg7 98.Rb8 Rxa7 99.Kg5 Ra5+
100.Kh4 Kh6 101.Rh8+ Kg6 102.Rg8+ Kh6 103.g4 hxg4  1/2-1/2

[Event "ch-AUT"]
[Site "Hartberg AUT"]
[Date "2004.07.27"]
[Round "4"]
[White "Hosp,G"]
[Black "Arwanitakis,M"]
[Result "0-1"]
[WhiteElo "2106"]
[BlackElo "2242"]

1.e4 d5 2.exd5 Qxd5 3.Nc3 Qd6 4.Nf3 Nf6 5.Be2 c6 6.O-O Bf5 7.b4 e6 8.b5 a6
9.bxc6 Nxc6 10.a4 Qc7 11.Nh4 Bg6 12.Bf3 Nd4 13.Nxg6 hxg6 14.h3 Nh5 15.Rb1 Nf4
16.Re1 Rb8 17.Re4 Bc5 18.d3 g5 19.Bxf4 gxf4 20.Nd5 Qd6 21.Nc3 f5 22.Re1 g5
23.Bxb7 g4 24.Bxa6 Rxb1 25.Qxb1 f3 26.Nb5 Qf4 27.Nxd4 Bxd4 28.Qb7 Bxf2+ 29.Kxf2 g3+
30.Kf1 fxg2+ 31.Ke2 Qf2+ 32.Kd1 Qxe1+ 33.Kxe1 g1=Q+ 34.Kd2 Qf2+ 35.Kc1 O-O
36.Qe7 Qe3+ 37.Kb1 g2  0-1

[Event "Politiken Cup"]
[Site "Copenhagen DEN"]
[Date "2004.07.30"]
[Round "8"]
[White "Kaimer,T"]
[Black "Hjelm,N"]
[Result "0-1"]
[WhiteElo "2237"]
[BlackElo "2339"]

1.e4 d5 2.exd5 Qxd5 3.Nc3 Qd6 4.d4 c6 5.Nf3 Bg4 6.h3 Bxf3 7.Qxf3 e6 8.Bf4 Qd8
9.O-O-O Nf6 10.g4 Be7 11.Bd3 Nd5 12.Nxd5 Qxd5 13.Qg3 Nd7 14.Kb1 Nb6 15.Rhe1 O-O-O
16.c3 Bd6 17.Be5 Bxe5 18.Rxe5 Qd6 19.f4 Nd7 20.Re3 c5 21.dxc5 Nxc5 22.Bc2 Qc7
23.Rxd8+ Rxd8 24.Qf2 g6 25.Re2 b6 26.Rd2 Rd6 27.Rxd6 Qxd6 28.Qe3 Kc7 29.b4 Nd7
30.a3 a5 31.bxa5 Qxa3 32.axb6+ Nxb6 33.Qe5+ Qd6 34.Qe3 Qd5 35.Qd3 Qxd3 36.Bxd3 Nd5
37.f5 Nxc3+ 38.Kc2 Nd5 39.fxg6 hxg6 40.Be4 Kd6 41.Bf3 g5  0-1

[Event "Politiken Cup"]
[Site "Copenhagen DEN"]
[Date "2004.07.30"]
[Round "8"]
[White "Nielsen,St"]
[Black "Mortensen,H"]
[Result "0-1"]
[WhiteElo "2124"]
[BlackElo "2018"]

1.e4 d5 2.exd5 Qxd5 3.Nc3 Qd8 4.Nf3 Nf6 5.Bc4 c6 6.Qe2 Bf5 7.Ne5 e6 8.g4 Bg6
9.h4 Nfd7 10.d4 Nxe5 11.dxe5 h6 12.Bf4 Nd7 13.O-O-O Qc7 14.Rh3 Be7 15.h5 Bh7
16.Bh2 O-O-O 17.f4 Nb6 18.Bd3 Bxd3 19.Rhxd3 Rxd3 20.Rxd3 Rd8 21.Ne4 Rxd3
22.Qxd3 Qd8 23.Qxd8+ Kxd8 24.f5 Nd7 25.Bf4 f6 26.exf6 Nxf6 27.Nxf6 Bxf6 28.b3 exf5
29.gxf5 Bc3 30.Be3 Ke7 31.Kd1 Kf6 32.Ke2 Kxf5 33.Kf3 a6 34.Bc1 g5 35.Ba3 g4+  0-1

[Event "Summer Open"]
[Site "Pirot SCG"]
[Date "2004.07.31"]
[Round "8"]
[White "Mladenovic,J"]
[Black "Vojinovic,J"]
[Result "1-0"]
[WhiteElo "2133"]
[BlackElo "1961"]

1.e4 d5 2.exd5 Qxd5 3.Nc3 Qd6 4.Nf3 Nf6 5.Be2 a6 6.d4 Nc6 7.O-O Bf5 8.a3 Rd8
9.Be3 e6 10.b4 Be7 11.b5 axb5 12.Nxb5 Qd7 13.c4 O-O 14.Bf4 Ne8 15.Qb3 Be4
16.Rfd1 Bxf3 17.Bxf3 Bf6 18.Be3 Na5 19.Qb4 b6 20.Rac1 Be7 21.c5 c6 22.Nc3 Ra8
23.Qxb6 Nf6 24.Bf4 Nd5 25.Nxd5 exd5 26.Rb1 Ra7 27.Be2 Rfa8 28.Qb2 Nb7 29.Rd3 Bf6
30.Qb4 Nd8 31.Rdb3 g6 32.h3 Kg7 33.Qd2 h5 34.Bh6+ Kh7 35.Bg5 Bxg5 36.Qxg5 Rxa3
37.Rxa3 Rxa3 38.Rb8 Ra1+ 39.Bf1 Ne6 40.Qf6 Ng7 41.Qd6 Qf5 42.Qf8 Kh6 43.Qh8+ Kg5
44.Qxg7 f6 45.Rb3 h4 46.Qc7 Qe4 47.Qxc6 Qe1 48.Qxd5+ Kh6 49.Qc4 Rc1  1-0

[Event "Open"]
[Site "Kavala GRE"]
[Date "2004.08.01"]
[Round "2"]
[White "Faber,H"]
[Black "Kotronias,V"]
[Result "0-1"]
[WhiteElo "2162"]
[BlackElo "2608"]

1.e4 d5 2.exd5 Qxd5 3.Nc3 Qd6 4.d4 Nf6 5.h3 c6 6.Nf3 Bf5 7.Be3 Nbd7 8.Qd2 h6
9.O-O-O e6 10.Bf4 Qb4 11.Ne5 Nb6 12.Bd3 Bxd3 13.Qxd3 Nfd7 14.Ne4 Rd8 15.Qb3 Nd5
16.Bh2 Nxe5 17.Bxe5 Qxb3 18.axb3 f6 19.Bc7  0-1

[Event "Open"]
[Site "Kavala GRE"]
[Date "2004.08.01"]
[Round "3"]
[White "Skaperdas,K"]
[Black "Ardelean,G"]
[Result "1/2-1/2"]
[WhiteElo "2217"]
[BlackElo "2465"]

1.e4 d5 2.exd5 Qxd5 3.Nc3 Qd6 4.d4 c6 5.Bg5 Nf6 6.Qd2 Bf5 7.O-O-O e6 8.Nge2 Nbd7
9.Ng3 Bg6 10.h4 h6 11.Bf4 Qb4 12.h5 Bh7 13.Kb1 Be7 14.f3 Nd5 15.Nxd5 cxd5
16.Qxb4 Bxb4 17.Bd3 Rc8 18.Bxh7 Rxh7 19.Ne2 Ke7 20.Nc1 Rhh8 21.Nd3 Bd6 22.Rhe1 Rc6
23.Bxd6+ Rxd6 24.Re3 Rc8 25.g4 Rc4 26.c3 Rc7 27.Rde1 Rb6 28.Kc2 Kd6 29.a3 a5
30.Ne5 Nxe5 31.Rxe5 Rbc6 32.f4 Rc4 33.Kd2 b5 34.f5 Re7 35.Rf1 f6 36.Rxe6+ Rxe6
37.fxe6 Kxe6 38.Re1+ Kd7 39.Kd3 Rc8 40.b3 Kd6 41.Re3 a4 42.b4 Kd7 43.Ke2 Re8
44.Kf3 Rxe3+ 45.Kxe3 Ke7 46.Kf3 Kf7 47.Kg3 g6 48.Kf4 gxh5 49.gxh5 Ke6 50.Kg4 f5+
51.Kf3 Kf7 52.Kg3 Kg7 53.Kf3 Kf6 54.Kf4  1/2-1/2

[Event "Open"]
[Site "Kavala GRE"]
[Date "2004.08.03"]
[Round "5"]
[White "Kotronias,V"]
[Black "Ardelean,G"]
[Result "1-0"]
[WhiteElo "2608"]
[BlackElo "2465"]

1.e4 d5 2.exd5 Qxd5 3.Nc3 Qd6 4.d4 c6 5.Nf3 Nf6 6.Ne5 Nbd7 7.Nc4 Qc7 8.Qf3 Nb6
9.Bf4 Qd8 10.Be5 Bg4 11.Qg3 h5 12.h3 h4 13.Qf4 Be6 14.Ne3 Nfd5 15.Ned1 Nxc3
16.Nxc3 Nd5 17.Qd2 Bf5 18.Bd3 Bxd3 19.Qxd3 Nxc3 20.bxc3 Qd7 21.O-O e6 22.Rab1 b6
23.c4 f6 24.Bf4 Rh5 25.Qg6+ Qf7 26.Qe4 Qd7 27.Qg6+ Qf7 28.Qg4 Rf5 29.Be3 Ra5
30.c5 b5 31.c4 bxc4 32.Rfe1 Rxa2 33.Bf4 f5 34.Qf3 Rc8 35.d5 Bxc5 36.Rxe6+ Kf8
37.Rxc6 Qd7 38.Rxc8+ Qxc8 39.Rb7 Qd8 40.Rb8 Ke8  1-0

[Event "XI Summer Open"]
[Site "Nice FRA"]
[Date "2004.08.03"]
[Round "3"]
[White "Nolte,R"]
[Black "Sulava,N"]
[Result "0-1"]
[WhiteElo "2389"]
[BlackElo "2482"]

1.e4 d5 2.exd5 Qxd5 3.Nc3 Qd6 4.d4 Nf6 5.Nf3 a6 6.Ne5 Nc6 7.Nxc6 Qxc6 8.d5 Qd6
9.h3 e6 10.dxe6 Qxd1+ 11.Nxd1 Bxe6 12.Bd3 O-O-O 13.O-O Nd5 14.Bg5 Rd7 15.a3 Bd6
16.Re1 Nf4 17.Be4 h6 18.Bh4 f5 19.Bf3 Bd5 20.Bxd5 Nxd5 21.c4 Nf4 22.b4 Nd3
23.Re2 Be5 24.Rb1 Rd4 25.Be7 Re8 26.Ne3 g6 27.Bc5 Nxc5 28.bxc5 Re4 29.Rc2 Bd4
30.Nd5 Re2 31.Rxe2 Rxe2 32.Rf1 g5 33.c6 bxc6 34.Nb4 c5 35.Nc6 Kd7 36.Nb8+ Kd6
37.Nxa6 Rb2 38.Rd1 Rb6 39.Nb4 cxb4 40.Rxd4+ Kc5 41.Rd7 b3  0-1

[Event "Open"]
[Site "Kavala GRE"]
[Date "2004.08.04"]
[Round "6"]
[White "Mastrovasilis,D"]
[Black "Skembris,S"]
[Result "1-0"]
[WhiteElo "2568"]
[BlackElo "2434"]

1.e4 d5 2.exd5 Qxd5 3.Nc3 Qd6 4.d4 Nf6 5.Nf3 a6 6.Ne5 Nc6 7.Bf4 Nxd4 8.Bd3 g5
9.Bg3 Nf5 10.Qe2 Nxg3 11.hxg3 Be6 12.O-O-O Qb6 13.f4 gxf4 14.gxf4 Bg7 15.Bc4 Bxc4
16.Qxc4 e6 17.Qd3 Qb4 18.Qf3 O-O 19.a3 Qb6 20.g4 Rfd8 21.Rde1 Qd4 22.g5 Nd5
23.Re4 Qc5 24.Qh5 Qe7 25.f5 Nxc3 26.Qxh7+ Kf8 27.f6 Bxf6 28.gxf6 Qxf6 29.bxc3 Ke7
30.Ree1 Rh8 31.Qe4 Rxh1 32.Rxh1 Rd8 33.Rh7 Qf1+ 34.Kb2 Qb5+ 35.Ka2 Rd1 36.Qh4+ Kd6
37.Qd8+ Kxe5 38.Qxd1 Qc4+ 39.Kb2 f5 40.Qd3 Qc5 41.Qg3+ Ke4 42.Rh4+ Kd5 43.Qd3+ Ke5
44.Qd4+ Qxd4 45.cxd4+ Kd5 46.Kc3 c5 47.Kd3 b5 48.dxc5 Kxc5 49.Rh8  1-0

[Event "Open"]
[Site "Kavala GRE"]
[Date "2004.08.04"]
[Round "6"]
[White "Hadzimanolis,A"]
[Black "Mateuta,G"]
[Result "0-1"]
[WhiteElo "2290"]
[BlackElo "2469"]

1.e4 d5 2.exd5 Qxd5 3.Nc3 Qd6 4.d4 c6 5.Nf3 Nf6 6.g3 Bg4 7.Bg2 e6 8.O-O Be7
9.Bf4 Qd8 10.Qd2 Nbd7 11.Rfe1 O-O 12.Ne5 Bf5 13.Bxc6 Nxe5 14.Bxb7 Ng6 15.Bxa8 Qxa8
16.Be5 Rd8 17.Bxf6 Bxf6 18.Rad1 Bg4 19.Ne4 Bxd1 20.Nxf6+ gxf6 21.Rxd1 Ne5  0-1

[Event "Open"]
[Site "Kavala GRE"]
[Date "2004.08.06"]
[Round "8"]
[White "Timoshenko,G"]
[Black "Mateuta,G"]
[Result "0-1"]
[WhiteElo "2536"]
[BlackElo "2469"]

1.e4 d5 2.exd5 Qxd5 3.Nc3 Qd6 4.d4 c6 5.Bc4 Bf5 6.Nge2 e6 7.Bf4 Qb4 8.Bb3 Nf6
9.O-O Nbd7 10.Re1 Be7 11.a3 Qa5 12.Qd2 Qd8 13.d5 cxd5 14.Nd4 Be4 15.f3 Bg6
16.g4 Nc5 17.Ba2 O-O 18.h4 h6 19.h5 Bh7 20.Kg2 Bd6 21.Be3 Re8 22.Ndb5 a6
23.Nxd6 Qxd6 24.Ne2 e5 25.Ng3 Ne6 26.Rad1 Rad8 27.c3 e4 28.fxe4 Bxe4+ 29.Nxe4 Nxe4
30.Qe2 Qg3+ 31.Kf1 Nf4 32.Bxf4 Qxf4+ 33.Kg2 Qg3+ 34.Kf1 Re6  0-1

[Event "Open"]
[Site "Kavala GRE"]
[Date "2004.08.07"]
[Round "9"]
[White "Mihailidis,A"]
[Black "Ardelean,G"]
[Result "0-1"]
[WhiteElo "2264"]
[BlackElo "2465"]

1.e4 d5 2.exd5 Qxd5 3.Nc3 Qd6 4.Bc4 c6 5.d3 Nf6 6.Nge2 Bf5 7.Ng3 Bg6 8.O-O e6
9.f4 Bf5 10.Qe2 Be7 11.Nce4 Bxe4 12.dxe4 Qc7 13.e5 Nd5 14.Bb3 Nd7 15.c4 Bc5+
16.Kh1 Ne7 17.Be3 Qb6 18.Bxc5 Nxc5 19.Rad1 g6 20.Ne4 Nxe4 21.Qxe4 Nf5 22.Rd3 h5
23.Bd1 Rd8 24.Rb3 Qc5 25.Rxb7 Ne3 26.b4 Nxd1 27.Qf3 Qd4 28.Qxc6+ Kf8 29.h3 Nf2+
30.Kh2 Rg8 31.Qc7 Qxf4+ 32.Kg1 Rd2 33.Qb8+ Kg7 34.Rxf7+ Qxf7  0-1

[Event "ch-GBR"]
[Site "Scarborough ENG"]
[Date "2004.08.09"]
[Round "7"]
[White "Smith,G"]
[Black "Ledger,S"]
[Result "0-1"]
[WhiteElo "2157"]
[BlackElo "2203"]

1.e4 d5 2.exd5 Qxd5 3.Nc3 Qd6 4.Bc4 Nf6 5.d3 a6 6.a4 Nc6 7.Nge2 Bg4 8.f3 Bf5
9.Be3 e6 10.Qd2 Nd5 11.Bf2 Be7 12.Ne4 Qd8 13.Nc5 b6 14.Ne4 O-O 15.h4 Na5
16.Ba2 Nb4 17.g4 Bxe4 18.fxe4 Nxa2 19.Rxa2 c5 20.h5 Nc6 21.Bg3 Bd6 22.Bxd6 Qxd6
23.h6 g6 24.Ra1 Rad8 25.O-O Nd4 26.Kg2 f5 27.Nxd4 Qxd4 28.gxf5 exf5 29.exf5 Qg4+
30.Kh1 Rd4 31.Rf2 Qh3+ 32.Rh2 Qxf5 33.Qg2 Rg4 34.Qb7 Qf1+  0-1

[Event "ch-ESP Abierto"]
[Site "Seville ESP"]
[Date "2004.08.16"]
[Round "4"]
[White "Gonzalez de la Torre,S"]
[Black "Granados Gomez,M"]
[Result "1-0"]
[WhiteElo "2358"]
[BlackElo "2426"]

1.e4 d5 2.exd5 Qxd5 3.Nc3 Qd6 4.d4 Nf6 5.Nf3 a6 6.Be2 Nc6 7.O-O Bf5 8.Na4 O-O-O
9.c3 e5 10.Be3 exd4 11.Nxd4 Nxd4 12.cxd4 h5 13.Qd2 Ng4 14.Bf4 Qxd4 15.Rac1 Kb8
16.Rxc7 Ka8 17.Bf3  1-0

[Event "Knjaz Milos Jezero Open"]
[Site "Belgrade SCG"]
[Date "2004.08.18"]
[Round "2"]
[White "Sahovic,D"]
[Black "Petrovic,Pe"]
[Result "1-0"]
[WhiteElo "2281"]
[BlackElo "2157"]

1.e4 d5 2.exd5 Qxd5 3.Nc3 Qd8 4.d4 c6 5.Nf3 Nf6 6.Bg5 Bg4 7.Be2 Nbd7 8.h3 Bxf3
9.Bxf3 e6 10.Qe2 Be7 11.O-O-O Nb6 12.h4 Nfd5 13.Ne4 h6 14.Bxe7 Qxe7 15.g3 O-O-O
16.c4 Nf6 17.c5 Nbd5 18.Nd6+ Kb8 19.Rhe1 Ne8 20.Nxe8 Rhxe8 21.Qe5+ Qc7 22.Qxg7 Qa5
23.a3 Nc7 24.Qxh6 Rxd4 25.Kb1 Qxc5 26.Rxd4 Qxd4 27.Qe3 Qxe3 28.Rxe3 Nd5 29.Re1 Kc7
30.h5 Rh8 31.g4 Kd6 32.Kc2 f6 33.Kd3 a5 34.Rh1 Rh6 35.Bxd5 cxd5 36.f4 e5
37.g5 fxg5 38.fxg5 Rh8 39.g6 Ke7 40.g7 Rc8 41.Rf1  1-0

[Event "I Fincas Mediterranea"]
[Site "Castelldefels ESP"]
[Date "2004.08.19"]
[Round "2"]
[White "Marholev,D"]
[Black "Serra Vilaro,A"]
[Result "1-0"]
[WhiteElo "2350"]
[BlackElo "2032"]

1.e4 d5 2.exd5 Qxd5 3.Nc3 Qd6 4.d4 Nf6 5.Nf3 Bf5 6.Ne5 e6 7.g4 Bg6 8.Bg2 c6
9.h4 Na6 10.h5 Bxc2 11.Qxc2 Qxd4 12.f4 Bd6 13.Ne2 Qb6 14.Nc4 Bb4+ 15.Kf1 Qc7
16.a3 Be7 17.g5 Nd5 18.b4 O-O-O 19.Bb2 f6 20.Qe4 Rhe8 21.gxf6 Bxf6 22.Be5 Qf7
23.Kg1 Nac7 24.Rc1 Qe7 25.Qxh7 Bxe5 26.fxe5 Rh8 27.Qe4 Rdf8 28.Nd6+ Kb8 29.Qh4 Qd7
30.Rh3 a6 31.Qg4 Nb5 32.Nxb5 axb5 33.Rf3 Rxf3 34.Bxf3 Rf8 35.Bxd5 Rf5 36.Qxf5 exf5
37.Bf3 Kc8 38.Rc3 Kd8 39.Kg2 Ke7 40.Kg3 Qd2 41.Rc5 g5 42.hxg6 Qg5+ 43.Kf2 Qxg6
44.Rc1 Qh6 45.Rh1 Qg7 46.Nf4  1-0

[Event "Open A"]
[Site "Bratto ITA"]
[Date "2004.08.20"]
[Round "1"]
[White "Dervishi,E"]
[Black "Pizzuto,S"]
[Result "1-0"]
[WhiteElo "2486"]
[BlackElo "2137"]

1.e4 d5 2.exd5 Qxd5 3.Nc3 Qd6 4.d4 Nf6 5.Be2 a6 6.Nf3 Nc6 7.Be3 Bg4 8.Qd2 e5
9.dxe5 Nxe5 10.Nxe5 Qxe5 11.Bxg4 Nxg4 12.O-O-O Bd6 13.Bd4 Qf4 14.Rhe1+ Kf8
15.Qxf4 Bxf4+ 16.Kb1 Bd6 17.Ne4 Re8 18.h3 Nh6 19.Nc5 f6 20.Nxb7 Kf7 21.Nxd6+ cxd6
22.g4 Rxe1 23.Rxe1 Re8 24.Rxe8 Kxe8 25.b4 Kd7 26.c4 Nf7 27.f4 Nd8 28.Kc2 Ne6
29.Be3 d5 30.f5 Nc7 31.Bf4 Ne8 32.cxd5 g6 33.Kd3 gxf5 34.gxf5 Ng7 35.Ke4 Ne8
36.a4  1-0

[Event "Open"]
[Site "Vladimir RUS"]
[Date "2004.08.21"]
[Round "4"]
[White "Kotov,Vi"]
[Black "Voitsekhovsky,S"]
[Result "0-1"]
[WhiteElo "2332"]
[BlackElo "2492"]

1.e4 d5 2.exd5 Qxd5 3.Nc3 Qd6 4.d4 Nf6 5.Nf3 a6 6.Be2 Nc6 7.a3 Be6 8.h3 g6
9.Be3 Bg7 10.O-O O-O 11.Qd2 Rad8 12.Rad1 Qd7 13.Bh6 Qc8 14.Bxg7 Kxg7 15.Qe3 Rd6
16.Ne5 Rfd8 17.Nxc6 Rxc6 18.Bf3 Rcd6 19.Ne4 Nxe4 20.Qxe4 c6 21.c3 Kg8 22.Qh4 R8d7
23.Bg4 Bxg4 24.Qxg4 e6 25.Qf3 Qd8 26.Rde1 Qb6 27.Re2 c5 28.dxc5 Qxc5 29.Rfe1 h5
30.Qf4 Rd5 31.Qe3 Qc7 32.Qe4 a5 33.g3 Qb6 34.Qe3 Qb3 35.Kg2 Rd3 36.Qg5 R7d5
37.Qf4 Qb6 38.Qh6 Qc6 39.Kh2 Rf5 40.Kg1 Qf3 41.h4 Qg4 42.Qc1 Rxf2 43.Rxf2 Rxg3+  0-1

[Event "14th Open"]
[Site "Abu Dhabi UAE"]
[Date "2004.08.22"]
[Round "8"]
[White "Kobalia,M"]
[Black "Hasangatin,R"]
[Result "1-0"]
[WhiteElo "2618"]
[BlackElo "2485"]

1.e4 d5 2.exd5 Qxd5 3.Nc3 Qd6 4.d4 Nf6 5.Nf3 a6 6.Bd3 Nc6 7.O-O Bg4 8.Ne4 Nxe4
9.Bxe4 g6 10.c3 Bg7 11.Qb3 Rb8 12.Bg5 O-O 13.Rfe1 Bxf3 14.Bxf3 e6 15.Rad1 Ne7
16.Bg4 Nd5 17.c4 Nf6 18.Bf3 b5 19.c5 Qd7 20.Bxf6 Bxf6 21.d5 exd5 22.Rxd5 Rbe8
23.Red1 Qe6 24.h3 Rd8 25.Bg4 Qe4 26.Bd7 Qe2 27.R5d2 Qe5 28.c6 Kg7 29.Qf3 Be7
30.b3 Qf6 31.Qg3 Bd6 32.Rxd6 cxd6 33.Rxd6 Qe7 34.Qc3+ Kg8 35.Qd4 Ra8 36.c7 Qe1+
37.Kh2 Qe7 38.Qc5 Kg7 39.Rxg6+  1-0

[Event "ch-CAN"]
[Site "Toronto CAN"]
[Date "2004.08.24"]
[Round "5"]
[White "Ochkoos,J"]
[Black "Jung,HansR"]
[Result "1-0"]
[WhiteElo "2299"]
[BlackElo "2196"]

1.e4 d5 2.exd5 Qxd5 3.Nc3 Qd6 4.d4 c6 5.Nf3 Nf6 6.Be3 Bf5 7.Qd2 Nd5 8.Be2 Nd7
9.Nxd5 cxd5 10.O-O a6 11.Bf4 Qc6 12.Rfc1 b5 13.a4 b4 14.c4 e6 15.cxd5 Qxd5
16.Bc4 Qe4 17.d5 e5 18.Nxe5 Nxe5 19.Bxe5 Qxe5 20.Re1 Be4 21.Rxe4 Qxe4 22.Re1 Qxe1+
23.Qxe1+ Kd8 24.Qe3 Kc7 25.a5 Kd6 26.b3 Kd7 27.Qb6 Rc8 28.Qxa6 Bc5 29.g3 Bd6
30.Bb5+ Ke7 31.Bc6 Rhd8 32.Qb6 Rb8 33.Qe3+ Kf8 34.Kg2 Bc7 35.a6 Bb6 36.Qe4 Kg8
37.Qe7 Bd4 38.a7 Rbc8 39.a8=Q Rxa8 40.Bxa8 Rxa8 41.Qxb4 Bf6 42.d6 Rd8 43.Qc5 Kf8
44.b4 Ke8 45.b5 Kd7 46.Qc7+ Ke6 47.b6 Rd7 48.b7 Rxc7 49.dxc7  1-0

[Event "1st Autumn"]
[Site "Alushta UKR"]
[Date "2004.08.30"]
[Round "4"]
[White "Neelotpal,D"]
[Black "Hasangatin,R"]
[Result "0-1"]
[WhiteElo "2448"]
[BlackElo "2485"]

1.e4 d5 2.exd5 Qxd5 3.Nc3 Qd6 4.d4 Nf6 5.Nf3 a6 6.g3 Bg4 7.h3 Bh5 8.Bg2 Nc6
9.O-O O-O-O 10.Bf4 Qb4 11.a3 Qxb2 12.Na4 Bxf3 13.Qxf3 Qxd4 14.Qb3 Na5 15.Qb4 Qxb4
16.axb4 e5 17.Bxe5 Nc4 18.Bxf6 gxf6 19.Nc5 Bxc5 20.bxc5 c6 21.Rfb1 Ne5 22.Ra4 Nd7
23.Rc4 Rde8 24.f4 Kc7 25.Kf2 Re7 26.Bf1 Rhe8 27.Bd3 h6 28.Rc3 Re3 29.Rc4 R8e7
30.Rc3 Kb8 31.Rb4 Kc7 32.Rb1 h5 33.h4 f5 34.Rc4 a5 35.Ra1 Nf6 36.Rxa5 Ng4+
37.Kg2 Re1 38.Rb4 Rd1 39.Ra8 Rd2+  0-1

[Event "TCh-CRO u20"]
[Site "Rabac CRO"]
[Date "2004.09.05"]
[Round "1"]
[White "Brenc,T"]
[Black "Plenkovic,Z"]
[Result "0-1"]
[WhiteElo "1954"]
[BlackElo "2217"]

1.e4 d5 2.exd5 Qxd5 3.Nc3 Qd6 4.d4 Nf6 5.Nf3 a6 6.Be2 e6 7.O-O Nbd7 8.Bg5 Be7
9.Qd2 b5 10.a3 Bb7 11.Rad1 O-O 12.Rfe1 Rad8 13.Qf4 h6 14.Qxd6 cxd6 15.Bh4 Rc8
16.Bd3 Bxf3 17.gxf3 Nb6 18.Ne4 d5 19.Nxf6+ Bxf6 20.Bxf6 gxf6 21.b3 Rc3 22.f4 f5
23.Rd2 Rfc8 24.Ra1 Kg7 25.Kg2 Kf6 26.h3 R8c6 27.Kh2 Nc8 28.a4 Nd6 29.f3 Rb6
30.Kg3 Ne4+ 31.fxe4 fxe4 32.axb5 exd3 33.Rxd3 Rxd3+ 34.cxd3 Rxb5 35.Ra3 Rb4
36.Kf3 Rxd4 37.Ke3 Rb4 38.Kf3 Kf5 39.Ke3 Rb6 40.Kf3 Kg6 41.Ke3 Rb4 42.Rxa6 Rxb3
43.Ra4 Rb2  0-1